[Event "72nd RUS-ch Higher League 2019"]
[Site "Yaroslavl"]
[Date "2019.07.05"]
[Round "8.28"]
[White "Bimiev, Ahmad"]
[Black "Bykov, Oleg"]
[Result "1-0"]
[WhiteElo "2238"]
[BlackElo "2401"]
[Annotator "NA"]
[PlyCount "202"]
[EventDate "2019.06.27"]
[EventType "swiss"]
[EventCountry "RUS"]
[SourceTitle "playchess.com"]
[Source "ChessBase"]
[SourceQuality "1"]
[TimeControl "40/5400+30:1800+30"]

1. c4 {[%emt 0:00:26]} e5 {[%emt 0:00:00]} 2. g3 {[%emt 0:00:24]} Nf6 {[%emt 0:00:19]} 3. Bg2 {[%emt 0:00:09]} d5 {[%emt 0:01:58]} 4. cxd5 {[%emt 0:00:07]} Nxd5 {[%emt 0:00:04]} 5. Nc3 {[%emt 0:00:07]} Nb6 {[%emt 0:00:06]} 6. Nf3 {[%emt 0:00:41]} Nc6 {[%emt 0:00:05]} 7. O-O {[%emt 0:00:33]} Be7 {[%emt 0:00:06]} 8. d3 {[%emt 0:00:09]} O-O {[%emt 0:00:07]} 9. a3 {[%emt 0:01:02]} Re8 {[%emt 0:00:07]} 10. Be3 {[%emt 0:02:42]} Bf8 {[%emt 0:01:57]} 11. Rc1 {[%emt 0:18:15]} Nd4 {[%emt 0:04:12]} 12. b4 {[%emt 0:03:27]} c6 {[%emt 0:10:45]} 13. Ne4 {[%emt 0:02:09]} Bg4 {[%emt 0:15:29]} 14. Bxd4 {[%emt 0:07:44]} exd4 {[%emt 0:00:06]} 15. Nc5 {[%emt 0:00:38]} Bc8 {[%emt 0:08:41]} 16. Nb3 {[%emt 0:02:02]} a5 {[%emt 0:04:43]} 17. bxa5 {[%emt 0:16:13]} Nd5 {[%emt 0:02:27]} 18. Nfxd4 {[%emt 0:00:11]} Bxa3 {[%emt 0:00:25]} 19. Rc4 {[%emt 0:00:40]} Qe7 {[%emt 0:06:34]} 20. e4 {[%emt 0:06:05]} Nc7 {[%emt 0:02:20]} 21. Qc2 {[%emt 0:00:45]} Bb4 {[%emt 0:04:11]} 22. Ra1 {[%emt 0:04:57]} g6 {[%emt 0:06:15]} 23. Ra4 {[%emt 0:10:24]} Na6 {[%emt 0:02:05]} 24. Qb1 {[%emt 0:03:05]} c5 {[%emt 0:04:05]} 25. Ne2 {[%emt 0:00:24]} Nc7 {[%emt 0:07:58]} 26. Ra1 {[%emt 0:06:20]} Be6 {[%emt 0:00:52]} 27. Rc2 {[%emt 0:01:03]} Nb5 {[%emt 0:04:48]} 28. Qb2 {[%emt 0:00:58]} Red8 {[%emt 0:04:34]} 29. Nxc5 {[%emt 0:01:01]} Bxc5 {[%emt 0:00:09]} 30. Qxb5 {[%emt 0:00:04]} Bxf2+ {[%emt 0:00:11]} 31. Kh1 {[%emt 0:01:49]} Qd7 {[%emt 0:05:59]} 32. Qxd7 {[%emt 0:02:06]} Rxd7 {[%emt 0:00:08]} 33. Nf4 {[%emt 0:02:32]} Bb6 {[%emt 0:00:49]} 34. Nxe6 {[%emt 0:02:06]} fxe6 {[%emt 0:00:05]} 35. Bh3 {[%emt 0:00:47]} Rd6 {[%emt 0:00:38]} 36. e5 {[%emt 0:01:00]} Rxd3 {[%emt 0:00:09]} 37. Bxe6+ {[%emt 0:00:04]} Kg7 {[%emt 0:00:21]} 38. Rb2 {[%emt 0:01:06]} Rxa5 39. Rxa5 {[%emt 0:00:10]} Bxa5 {[%emt 0:00:30]} 40. Rxb7+ {[%emt 0:00:00]} Kf8 {[%emt 0:00:00]} 41. Rf7+ {[%emt 0:00:41]} Ke8 {[%emt 0:02:09]} 42. Rxh7 {[%emt 0:00:21]} Re3 {[%emt 0:03:47]} 43. Bf7+ {[%emt 0:00:15]} Kf8 {[%emt 0:00:05]} 44. Bxg6 {[%emt 0:03:04]} Rxe5 {[%emt 0:00:08]} 45. Kg2 {[%emt 0:02:36]} Re7 {[%emt 0:01:41]} 46. Rh5 {[%emt 0:00:24]} Bc7 {[%emt 0:00:19]} 47. Bd3 {[%emt 0:00:19]} Kg8 {[%emt 0:00:45]} 48. Rf5 {[%emt 0:00:35]} Bd6 {[%emt 0:00:31]} 49. Rf3 {[%emt 0:01:14]} Kg7 {[%emt 0:00:17]} 50. h4 {[%emt 0:00:32]} Bc5 {[%emt 0:00:36]} 51. Rf5 {[%emt 0:00:39]} Bd4 {[%emt 0:03:32]} 52. Rd5 {[%emt 0:00:20]} Bf6 {[%emt 0:02:04]} 53. Kf3 {[%emt 0:00:53]} Re5 {[%emt 0:02:01]} 54. Rd6 {[%emt 0:00:31]} Be7 {[%emt 0:00:39]} 55. Rd7 {[%emt 0:01:17]} Kf8 {[%emt 0:00:22]} 56. Be4 {[%emt 0:02:10]} Ba3 {[%emt 0:02:04]} 57. g4 {[%emt 0:05:11]} Bc1 {[%emt 0:02:43]} 58. Rd1 {[%emt 0:01:49]} Rc5 {[%emt 0:00:16]} 59. Bd5 {[%emt 0:00:36]} Kg7 {[%emt 0:01:05]} 60. g5 {[%emt 0:00:14]} Rc2 {[%emt 0:02:49]} 61. Be4 {[%emt 0:00:58]} Rc4 {[%emt 0:00:25]} 62. Rd7+ {[%emt 0:00:27]} Kh8 {[%emt 0:00:06]} 63. g6 {[%emt 0:01:56]} Rc5 {[%emt 0:00:39]} 64. g7+ {[%emt 0:00:10]} Kg8 {[%emt 0:00:06]} 65. Bd5+ {[%emt 0:00:06]} Rxd5 {[%emt 0:00:07]} 66. Rxd5 {[%emt 0:00:02]} Kxg7 {[%emt 0:00:06]} 67. Kg4 {[%emt 0:00:02]} Be3 {[%emt 0:01:42]} 68. Kh5 {[%emt 0:00:40]} Bc1 {[%emt 0:00:12]} 69. Rd1 {[%emt 0:00:11]} Be3 {[%emt 0:00:18]} 70. Rd6 {[%emt 0:02:40]} Bc1 {[%emt 0:00:19]} 71. Rg6+ {[%emt 0:00:03]} Kf7 {[%emt 0:00:24]} 72. Rg2 {[%emt 0:00:05]} Kf6 {[%emt 0:00:40]} 73. Rc2 {[%emt 0:03:43]} Be3 {[%emt 0:00:10]} 74. Rc6+ {[%emt 0:00:57]} Kg7 {[%emt 0:01:20]} 75. Rc2 {[%emt 0:05:13]} Kf6 {[%emt 0:00:15]} 76. Kg4 {[%emt 0:00:25]} Kg6 {[%emt 0:00:53]} 77. Kf3 {[%emt 0:00:23]} Bh6 {[%emt 0:00:51]} 78. Ke4 {[%emt 0:07:56]} Kh5 {[%emt 0:00:46]} 79. Kf5 {[%emt 0:00:03]} Be3 {[%emt 0:00:51]} 80. Re2 {[%emt 0:00:50]} Bc1 {[%emt 0:00:48]} 81. Rc2 {[%emt 0:00:16]} Be3 {[%emt 0:00:12]} 82. Rc4 {[%emt 0:00:04]} Bf2 {[%emt 0:02:52]} 83. Re4 {[%emt 0:00:35]} Bc5 {[%emt 0:02:05]} 84. Kf4 {[%emt 0:02:10]} Ba3 {[%emt 0:02:29]} 85. Rc4 {[%emt 0:00:28]} Bd6+ {[%emt 0:00:38]} 86. Kf5 {[%emt 0:00:04]} Ba3 {[%emt 0:02:28]} 87. Rc8 {[%emt 0:00:56]} Kh6 {[%emt 0:01:47]} 88. Rc3 {[%emt 0:00:22]} Bb4 {[%emt 0:01:42]} 89. Rd3 {[%emt 0:01:21]} Bc5 {[%emt 0:01:46]} 90. h5 {[%emt 0:00:14]} Bb4 {[%emt 0:00:38]} 91. Rd1 {[%emt 0:01:25]} Bc5 {[%emt 0:00:46]} 92. Re1 {[%emt 0:00:36]} Bb4 {[%emt 0:00:43]} 93. Re2 {[%emt 0:00:13]} Ba3 {[%emt 0:01:08]} 94. Re6+ {[%emt 0:00:22]} Kh7 {[%emt 0:00:04]} 95. Rc6 {[%emt 0:01:40]} Bb4 {[%emt 0:00:05]} 96. Rc2 {[%emt 0:00:12]} Kh6 {[%emt 0:00:08]} 97. Ra2 {[%emt 0:00:09]} Bc5 {[%emt 0:01:27]} 98. Kf4 {[%emt 0:00:16]} Bb4 {[%emt 0:00:40]} 99. Kg4 {[%emt 0:00:10]} Bc3 {[%emt 0:00:33]} 100. Ra6+ {[%emt 0:00:04]} Kh7 {[%emt 0:00:05]} 101. h6 {[%emt 0:00:05]} Bd2 1-0

[Event "72nd RUS-ch Higher League 2019"]
[Site "Yaroslavl"]
[Date "2019.07.05"]
[Round "8.29"]
[White "Lesovoi, Evgenij"]
[Black "Drygalov, Sergey"]
[Result "0-1"]
[WhiteElo "2366"]
[BlackElo "2492"]
[Annotator "ChessBase"]
[PlyCount "98"]
[EventDate "2019.06.27"]
[EventType "swiss"]
[EventCountry "RUS"]
[SourceTitle "playchess.com"]
[Source "ChessBase"]
[SourceQuality "1"]
[TimeControl "40/5400+30:1800+30"]

1. Nf3 {[%emt 0:00:00]} Nf6 {[%emt 0:00:00]} 2. c4 {[%emt 0:00:00]} e6 {[%emt 0:00:15]} 3. Nc3 {[%emt 0:00:00]} Bb4 {[%emt 0:04:43]} 4. g3 {[%emt 0:04:15]} O-O {[%emt 0:01:23]} 5. a3 {[%emt 0:01:07]} Bxc3 {[%emt 0:00:43]} 6. bxc3 {[%emt 0:00:09]} Nc6 {[%emt 0:04:47]} 7. Bg2 {[%emt 0:02:34]} e5 {[%emt 0:00:11]} 8. O-O {[%emt 0:00:46]} d6 {[%emt 0:00:24]} 9. d3 {[%emt 0:00:41]} e4 {[%emt 0:01:30]} 10. Nd4 {[%emt 0:00:30]} exd3 {[%emt 0:06:33]} 11. exd3 {[%emt 0:01:43]} Bd7 {[%emt 0:03:03]} 12. h3 {[%emt 0:02:13]} Rb8 {[%emt 0:06:07]} 13. Be3 {[%emt 0:03:36]} Ne7 {[%emt 0:03:31]} 14. Rb1 {[%emt 0:03:31]} c5 {[%emt 0:05:50]} 15. Nb5 {[%emt 0:08:29]} Nc8 {[%emt 0:00:20]} 16. a4 {[%emt 0:00:23]} Bc6 {[%emt 0:03:37]} 17. d4 {[%emt 0:00:48]} Bxg2 {[%emt 0:05:59]} 18. Kxg2 {[%emt 0:00:06]} a6 {[%emt 0:04:17]} 19. Na3 {[%emt 0:00:33]} Nd7 {[%emt 0:06:34]} 20. Qf3 {[%emt 0:09:38]} Qc7 {[%emt 0:00:52]} 21. Rb3 {[%emt 0:03:06]} Ne7 {[%emt 0:04:16]} 22. Nb1 {[%emt 0:05:31]} cxd4 {[%emt 0:02:30]} 23. cxd4 {[%emt 0:01:43]} Qxc4 {[%emt 0:00:10]} 24. Rxb7 {[%emt 0:01:44]} Rxb7 {[%emt 0:06:07]} 25. Qxb7 {[%emt 0:00:06]} Rd8 {[%emt 0:02:53]} 26. Rc1 {[%emt 0:10:51]} Qxa4 {[%emt 0:01:29]} 27. Qe4 {[%emt 0:00:11]} Re8 {[%emt 0:03:37]} 28. Bg5 {[%emt 0:07:54]} Nc5 {[%emt 0:06:41]} 29. Qg4 {[%emt 0:00:55]} Nd3 {[%emt 0:05:56]} 30. Rc7 {[%emt 0:07:36]} Ne1+ {[%emt 0:04:23]} 31. Kh2 {[%emt 0:00:38]} f5 {[%emt 0:02:00]} 32. Qh5 {[%emt 0:02:20]} g6 {[%emt 0:03:10]} 33. Qe2 {[%emt 0:06:40]} Nd5 {[%emt 0:00:05]} 34. Rc8 {[%emt 0:02:22]} Kf7 {[%emt 0:02:04]} 35. Rxe8 {[%emt 0:00:10]} Qxe8 {[%emt 0:00:05]} 36. Be3 {[%emt 0:00:05]} Ng2 {[%emt 0:00:53]} 37. Kxg2 {[%emt 0:02:51]} Qe4+ {[%emt 0:00:01]} 38. Kh2 {[%emt 0:01:56]} Qxb1 {[%emt 0:00:54]} 39. Qc4 {[%emt 0:00:15]} Qb5 {[%emt 0:00:37]} 40. Qa2 {[%emt 0:00:00]} a5 {[%emt 0:00:00]} 41. Bd2 {[%emt 0:05:59]} a4 {[%emt 0:01:09]} 42. Bc1 {[%emt 0:00:51]} Qb3 {[%emt 0:02:26]} 43. Qe2 {[%emt 0:00:43]} a3 {[%emt 0:02:10]} 44. Qa6 {[%emt 0:00:26]} a2 {[%emt 0:01:01]} 45. Qa7+ {[%emt 0:00:05]} Ke6 {[%emt 0:02:34]} 46. Qa8 {[%emt 0:00:25]} Kd7 {[%emt 0:00:42]} 47. Bg5 {[%emt 0:00:21]} Nc7 {[%emt 0:03:08]} 48. Qd8+ {[%emt 0:00:14]} Kc6 {[%emt 0:00:06]} 49. d5+ {[%emt 0:00:29]} Qxd5 {[%emt 0:00:17]} 0-1

[Event "72nd RUS-ch Higher League 2019"]
[Site "Yaroslavl"]
[Date "2019.07.06"]
[Round "9.1"]
[White "Dreev, Aleksey"]
[Black "Sarana, Alexey"]
[Result "1/2-1/2"]
[WhiteElo "2657"]
[BlackElo "2641"]
[Annotator "TA"]
[PlyCount "81"]
[EventDate "2019.06.27"]
[EventType "swiss"]
[EventCountry "RUS"]
[SourceTitle "playchess.com"]
[Source "ChessBase"]
[SourceQuality "1"]

{[%evp 20,81,0,0,0,0,0,0,0,0,0,0,2,0,0,0,0,0,0,0,0,0,0,0,0,0,0,0,2,0,0,0,5,0,0,0,0,0,0,0,0,0,0,0,0,0,0,0,0,0,0,0,0,0,0,0,0,0,0,0,0,0,0,0]} 1. d4 Nf6 2. c4 g6 3. Nc3 d5 4. Nf3 Bg7 5. Bf4 O-O 6. Rc1 dxc4 ({Predecessor:} 6... Be6 7. e3 {½-½ (60) Meng,R (2415)-Leenhouts,K (2488) Delft 2018}) 7. e3 Be6 8. Ng5 Bd5 9. e4 h6 10. exd5 hxg5 11. Bxg5 {The position is equal.} Nxd5 {D92: Grünfeld: 4 Nf3 Bg7 5 Bf4} 12. Bxc4 Nb6 13. Bb3 Qxd4 $146 (13... Nc6 14. d5 Nd4 15. O-O Re8 16. h4 Qd7 17. a4 Nxb3 18. Qxb3 Bxc3 19. Rxc3 Qxd5 20. Qc2 Rad8 21. Rxc7 Rc8 {½-½ (40) Xiong,J (2663)-So,W (2762) Saint Louis 2019}) 14. Qxd4 ({But not} 14. Bxe7 $2 Re8 $19) 14... Bxd4 15. Nb5 Bxb2 16. Rc2 Be5 $1 17. Nxc7 Bxc7 18. Rxc7 {[%mdl 64] [#] Double Attack} Nc6 19. Rxb7 e6 20. Rc7 Nd4 21. Bd1 Nd5 22. Rc4 e5 23. h4 Rfc8 24. Rxc8+ Rxc8 25. Rh3 Rb8 26. Bb3 Nf4 27. Bxf4 exf4 28. Rd3 Nxb3 29. axb3 $11 {[%mdl 4096] Endgame KR-KR} Kg7 30. Rd7 Rxb3 31. Rxa7 Rb1+ 32. Ke2 Rh1 33. g3 fxg3 34. fxg3 g5 35. hxg5 Rh5 36. Ra5 Kg6 37. Kf3 Rxg5 38. Ra6+ f6 39. Ra4 f5 40. Ra6+ Kg7 41. Ra7+ {Accuracy: White = 83%, Black = 92%.} 1/2-1/2

[Event "72nd RUS-ch Higher League 2019"]
[Site "Yaroslavl"]
[Date "2019.07.06"]
[Round "9.2"]
[White "Predke, Alexandr"]
[Black "Motylev, Alexander"]
[Result "1/2-1/2"]
[WhiteElo "2632"]
[BlackElo "2654"]
[Annotator "TA"]
[PlyCount "80"]
[EventDate "2019.06.27"]
[EventType "swiss"]
[EventCountry "RUS"]
[SourceTitle "playchess.com"]
[Source "ChessBase"]
[SourceQuality "1"]

{[%evp 17,80,-20,14,26,30,0,0,0,2,0,0,9,6,2,29,29,33,15,9,16,10,0,0,0,0,0,0,0,0,-14,-12,-12,0,0,0,-12,-3,-3,-3,-4,-4,-4,0,0,0,-3,-3,-3,-3,-4,0,0,0,-4,-4,-4,0,-4,0,-4,0,-4,0,-4,0]} 1. d4 Nf6 2. c4 e6 3. Nc3 Bb4 4. Qc2 d5 5. cxd5 exd5 6. Bf4 O-O 7. e3 c5 8. dxc5 Nc6 9. Nf3 Bxc5 10. Be2 {D37: Queen's Gambit Declined: 5 Bf4} d4 {[#] And now ...Nb4 would win.} 11. exd4 Nxd4 12. Nxd4 Qxd4 13. Bg3 Be6 14. O-O Rac8 15. Bf3 {[#]} Qd7 $146 ({Predecessor:} 15... b6 16. Rfe1 Qb4 17. Be5 Bd4 {½-½ (85) Karpov,A (2720)-Kasparov,G (2700) Moscow 1985}) 16. Rad1 Qe7 17. a3 {Strongly threatening b4.} Rfd8 {The position is equal.} 18. Rxd8+ Rxd8 19. Rd1 Rxd1+ 20. Qxd1 Bb3 21. Qd2 h6 22. h3 a6 23. Bd1 Bxd1 24. Qxd1 Ne4 25. Nxe4 Qxe4 26. Qg4 f5 (26... Qd5 {keeps more tension.} 27. Bf4 h5 28. Qe2 Bd4 29. b4 g6) 27. Qxe4 fxe4 $11 {[%mdl 4096] Endgame KB-KB} 28. a4 Kf7 29. Be5 h5 30. Kf1 g6 31. Ke2 Ke6 32. Bc3 Kd5 33. b3 b5 34. axb5 axb5 35. Bd2 Bb6 36. Bc3 Bc5 37. Bd2 Bb6 38. Bc3 Bc5 39. Bd2 Bb6 40. Bc3 Bc5 {Accuracy: White = 66%, Black = 68%.} 1/2-1/2

[Event "72nd RUS-ch Higher League 2019"]
[Site "Yaroslavl"]
[Date "2019.07.06"]
[Round "9.3"]
[White "Alekseenko, Kirill"]
[Black "Sjugirov, Sanan"]
[Result "1/2-1/2"]
[WhiteElo "2650"]
[BlackElo "2667"]
[Annotator "RC"]
[PlyCount "111"]
[EventDate "2019.06.27"]
[EventType "swiss"]
[EventCountry "RUS"]
[SourceTitle "playchess.com"]
[Source "ChessBase"]
[SourceQuality "1"]
[TimeControl "40/5400+30:1800+30"]

1. e4 {[%emt 0:00:00]} c5 {[%emt 0:00:06]} 2. Nf3 {[%emt 0:00:00]} d6 {[%emt 0:00:09]} 3. d4 {[%emt 0:00:00]} cxd4 {[%emt 0:00:06]} 4. Nxd4 {[%emt 0:00:00]} Nf6 {[%emt 0:00:11]} 5. Nc3 {[%emt 0:00:05]} a6 {[%emt 0:00:06]} 6. Nb3 {[%emt 0:00:07]} e6 {[%emt 0:01:19]} 7. g4 {[%emt 0:00:08]} b5 {[%emt 0:00:38]} 8. a3 {[%emt 0:00:15]} Bb7 {[%emt 0:01:33]} 9. Bg2 {[%emt 0:00:05]} Be7 {[%emt 0:09:11]} 10. g5 {[%emt 0:00:37]} Nfd7 {[%emt 0:00:19]} 11. f4 {[%emt 0:00:17]} Nc6 {[%emt 0:13:49]} 12. h4 {[%emt 0:02:21]} Nb6 {[%emt 0:06:57]} 13. f5 {[%emt 0:22:08]} exf5 {[%emt 0:14:44]} 14. exf5 {[%emt 0:01:24]} Qc8 {[%emt 0:00:11]} 15. O-O {[%emt 0:04:01]} Ne5 {[%emt 0:00:59]} 16. Ne4 {[%emt 0:01:57]} h6 {[%emt 0:09:26]} 17. g6 {[%emt 0:12:39]} fxg6 {[%emt 0:11:54]} 18. Nxd6+ {[%emt 0:01:48]} Bxd6 {[%emt 0:00:06]} 19. Qxd6 {[%emt 0:02:14]} Nbc4 {[%emt 0:00:40]} 20. Bxb7 {[%emt 0:01:15]} Qxb7 {[%emt 0:00:40]} 21. Qe6+ {[%emt 0:00:06]} Qe7 {[%emt 0:00:10]} 22. Nc5 {[%emt 0:13:17]} gxf5 {[%emt 0:07:20]} 23. Bf4 {[%emt 0:08:57]} Qxe6 {[%emt 0:02:14]} 24. Nxe6 {[%emt 0:00:04]} Kf7 {[%emt 0:00:34]} 25. Nd4 {[%emt 0:03:22]} Ng4 {[%emt 0:01:38]} 26. b3 {[%emt 0:04:54]} Nce3 {[%emt 0:00:26]} 27. Bxe3 {[%emt 0:00:06]} Nxe3 {[%emt 0:00:04]} 28. Rf3 {[%emt 0:00:12]} Rhe8 {[%emt 0:02:19]} 29. Re1 {[%emt 0:01:55]} Ng4 {[%emt 0:01:04]} 30. Rxf5+ {[%emt 0:00:08]} Nf6 {[%emt 0:00:10]} 31. Rxe8 {[%emt 0:02:27]} Rxe8 {[%emt 0:00:14]} 32. Rc5 {[%emt 0:00:05]} Re4 {[%emt 0:04:57]} 33. Nf3 {[%emt 0:00:50]} Rg4+ {[%emt 0:03:19]} 34. Kf1 {[%emt 0:03:16]} Ke6 {[%emt 0:00:29]} 35. Rc6+ {[%emt 0:04:12]} Kf5 {[%emt 0:01:28]} 36. Rxa6 {[%emt 0:00:33]} Kf4 {[%emt 0:01:52]} 37. Ne1 {[%emt 0:00:04]} Kg3 {[%emt 0:01:42]} 38. Rb6 {[%emt 0:06:09]} Nd5 {[%emt 0:01:35]} 39. Rb7 {[%emt 0:03:03]} g6 {[%emt 0:02:21]} 40. a4 {[%emt 0:00:00]} Rxh4 {[%emt 0:00:00]} 41. axb5 {[%emt 0:18:46]} Nf4 {[%emt 0:18:02]} 42. Kg1 {[%emt 0:00:13]} Ne2+ {[%emt 0:07:32]} 43. Kf1 {[%emt 0:00:04]} Nd4 {[%emt 0:02:11]} 44. Kg1 {[%emt 0:00:52]} Ne2+ {[%emt 0:04:21]} 45. Kf1 {[%emt 0:00:02]} Nc1 {[%emt 0:01:23]} 46. Kg1 {[%emt 0:11:41]} Re4 {[%emt 0:00:04]} 47. Ng2 {[%emt 0:00:09]} Re2 {[%emt 0:00:05]} 48. Rc7 {[%emt 0:00:03]} Rxg2+ {[%emt 0:00:18]} 49. Kf1 {[%emt 0:00:03]} Rf2+ {[%emt 0:00:20]} 50. Ke1 {[%emt 0:00:02]} Rf5 {[%emt 0:00:22]} 51. b6 {[%emt 0:01:02]} Rb5 {[%emt 0:01:51]} 52. b7 {[%emt 0:01:28]} h5 {[%emt 0:00:11]} 53. Kd2 {[%emt 0:01:44]} Nxb3+ {[%emt 0:00:06]} 54. cxb3 {[%emt 0:00:05]} h4 {[%emt 0:00:53]} 55. Rg7 {[%emt 0:00:48]} Rxb3 {[%emt 0:00:58]} 56. Rxg6+ {[%emt 0:00:16]} 1/2-1/2

[Event "72nd RUS-ch Higher League 2019"]
[Site "Yaroslavl"]
[Date "2019.07.06"]
[Round "9.4"]
[White "Rakhmanov, Aleksandr"]
[Black "Chigaev, Maksim"]
[Result "1/2-1/2"]
[WhiteElo "2615"]
[BlackElo "2640"]
[Annotator "TA"]
[PlyCount "56"]
[EventDate "2019.06.27"]
[EventType "swiss"]
[EventCountry "RUS"]
[SourceTitle "playchess.com"]
[Source "ChessBase"]
[SourceQuality "1"]

{[%evp 22,56,49,17,27,22,23,19,26,28,27,15,16,9,9,7,8,7,16,9,9,9,10,15,18,7,10,0,25,25,31,0,0,0,32,0,0]} 1. Nf3 Nf6 2. g3 g6 3. b3 Bg7 4. Bb2 b6 5. Bg2 Bb7 6. c4 c5 7. O-O O-O 8. Nc3 d6 9. d4 cxd4 10. Qxd4 Nbd7 11. Rac1 Rc8 12. Rfd1 Ne4 {A30: Symmetrical English: Double Fianchetto and Hedgehog} (12... Rc5 13. Ne1 Bxg2 14. Nxg2 Re8 15. Nd5 b5 16. Nge3 bxc4 17. Rxc4 Qb8 18. Rxc5 Nxc5 19. Nxf6+ Bxf6 20. Qd2 Bxb2 21. Qxb2 {1-0 (48) Bu,X (2725)-Dubov,D (2696) Liaocheng 2018}) 13. Qe3 Nxc3 14. Bxc3 Nf6 15. Ne1 Qc7 16. Bxf6 Bxf6 17. Nd3 Bxg2 18. Kxg2 Rfd8 19. Qf3 $146 ({Predecessor:} 19. h4 e6 20. h5 {1-0 (48) Vukic,M (2454)-Beletic,D (2220) Kranj 2008}) 19... Bg7 20. h4 h5 21. a4 e6 22. e3 Qe7 23. Rd2 Rc7 24. Rcd1 Bc3 25. Rc2 Bg7 26. Rcd2 Bc3 27. Rc2 Bg7 28. Rcd2 Bc3 {Accuracy: White = 34%, Black = 87%.} 1/2-1/2

[Event "72nd RUS-ch Higher League 2019"]
[Site "Yaroslavl"]
[Date "2019.07.06"]
[Round "9.5"]
[White "Grachev, Boris"]
[Black "Sakaev, Konstantin"]
[Result "1/2-1/2"]
[WhiteElo "2621"]
[BlackElo "2584"]
[Annotator "RC"]
[PlyCount "77"]
[EventDate "2019.06.27"]
[EventType "swiss"]
[EventCountry "RUS"]
[SourceTitle "playchess.com"]
[Source "ChessBase"]
[SourceQuality "1"]
[TimeControl "40/5400+30:1800+30"]

1. Nf3 d5 {[%emt 0:00:00]} 2. d4 {[%emt 0:00:00]} Nf6 {[%emt 0:00:17]} 3. c4 {[%emt 0:00:09]} e6 {[%emt 0:00:13]} 4. e3 {[%emt 0:00:55]} b6 {[%emt 0:03:15]} 5. b3 {[%emt 0:04:19]} Bb7 {[%emt 0:01:05]} 6. Bb2 {[%emt 0:02:44]} Bd6 {[%emt 0:02:00]} 7. Nbd2 {[%emt 0:02:35]} O-O {[%emt 0:00:30]} 8. Be2 {[%emt 0:04:19]} Nbd7 {[%emt 0:02:32]} 9. O-O {[%emt 0:00:30]} Ne4 {[%emt 0:06:29]} 10. Nxe4 {[%emt 0:04:48]} dxe4 {[%emt 0:00:15]} 11. Ne5 {[%emt 0:00:26]} Bxe5 {[%emt 0:08:44]} 12. dxe5 {[%emt 0:00:07]} Qe7 {[%emt 0:01:11]} 13. f4 {[%emt 0:12:42]} exf3 {[%emt 0:02:15]} 14. Bxf3 {[%emt 0:00:06]} Bxf3 {[%emt 0:05:38]} 15. Qxf3 {[%emt 0:00:38]} Rad8 {[%emt 0:01:33]} 16. Rad1 {[%emt 0:01:41]} Rfe8 {[%emt 0:19:12]} 17. Ba3 {[%emt 0:07:06]} Nc5 {[%emt 0:04:20]} 18. Rd4 {[%emt 0:04:43]} a5 {[%emt 0:01:45]} 19. Qh5 {[%emt 0:12:56]} Rd7 {[%emt 0:04:53]} 20. Rfd1 {[%emt 0:04:14]} Rdd8 {[%emt 0:02:14]} 21. Qf3 {[%emt 0:04:31]} h6 {[%emt 0:01:37]} 22. h3 {[%emt 0:02:58]} a4 {[%emt 0:05:27]} 23. Bxc5 {[%emt 0:09:37]} bxc5 {[%emt 0:00:17]} 24. Rxd8 {[%emt 0:00:04]} Rxd8 {[%emt 0:00:03]} 25. Rxd8+ {[%emt 0:04:45]} Qxd8 {[%emt 0:00:05]} 26. bxa4 {[%emt 0:00:04]} Qd2 {[%emt 0:02:30]} 27. Kh2 {[%emt 0:04:53]} g6 {[%emt 0:03:21]} 28. Qa8+ {[%emt 0:05:22]} Kg7 {[%emt 0:00:17]} 29. a5 {[%emt 0:00:21]} Qxe3 {[%emt 0:01:22]} 30. Qf3 {[%emt 0:01:05]} Qxe5+ {[%emt 0:08:20]} 31. Qg3 {[%emt 0:00:02]} Qe2 {[%emt 0:00:30]} 32. Qc3+ {[%emt 0:03:45]} Kg8 {[%emt 0:00:08]} 33. a3 {[%emt 0:01:24]} Qe4 {[%emt 0:01:22]} 34. a6 {[%emt 0:00:39]} Qc6 {[%emt 0:00:39]} 35. Qa5 {[%emt 0:00:10]} Qd6+ {[%emt 0:00:05]} 36. Kh1 {[%emt 0:00:07]} Qd1+ {[%emt 0:00:18]} 37. Kh2 {[%emt 0:00:04]} Qd6+ {[%emt 0:00:04]} 38. Kh1 {[%emt 0:01:44]} Qd1+ {[%emt 0:00:17]} 39. Kh2 {[%emt 0:00:03]} 1/2-1/2